00429nam a2200181Ia 4500008004100000020001800041050001400059100002400073245002500097245002400122260001500146260001600161260000900177300001600186300002700202300001000229500000800239170918s9999 xx 000 0 und d a9780545039710 bP524 2006 aPfeffer, Susan Beth aLife as we knew it / cSusan Beth Pfeffer. aNew York : bScholastic, c2006 a337 pages : bcolored illustration ; c19cm. a770